Эксплуатация систем водоснабжения и водоотведения (Запись № 10416224)

Подробности
000 -МАРКЕР
контрольное поле 02292nam0a2200385 i 4500
001 - ИДЕНТИФИКАТОР ЗАПИСИ
контрольное поле RU\NLR\BIBL_A\010860016
005 - ИДЕНТИФИКАТОР ВЕРСИИ
контрольное поле 20241114205028.0
010 ## - МЕЖДУНАРОДНЫЙ СТАНДАРТНЫЙ НОМЕР КНИГИ (ISBN)
Номер (ISBN) 9785897644810
Тираж 72
021 ## - НОМЕР ГОСУДАРСТВЕННОЙ РЕГИСТРАЦИИ
Код страны Российская Федерация
Номер 2015-68491
Номер Листа государственной регистраци 4101
035 ## - ДРУГИЕ СИСТЕМНЫЕ НОМЕРА
Идентификатор записи (NILC)RuMoRGB-008012507
035 ## - ДРУГИЕ СИСТЕМНЫЕ НОМЕРА
Идентификатор записи (NLR Aleph) 010860016
100 ## - ДАННЫЕ ОБЩЕЙ ОБРАБОТКИ
Данные общей обработки 20151013d2015 u y0rusy50 ca
101 0# - ЯЗЫК РЕСУРСА
Язык текста, звукозаписи и т.д. русский
102 ## - СТРАНА ПУБЛИКАЦИИ ИЛИ ПРОИЗВОДСТВА
Страна публикации Российская Федерация
105 ## - ПОЛЕ КОДИРОВАННЫХ ДАННЫХ: ТЕКСТОВЫЕ МАТЕРИАЛЫ, МОНОГРАФИЧЕСКИЕ
Кодированные данные о монографическом текстовом документе a|||j||||||y|
200 1# - ЗАГЛАВИЕ И СВЕДЕНИЯ ОБ ОТВЕТСТВЕННОСТИ
Основное заглавие Эксплуатация систем водоснабжения и водоотведения
Сведения, относящиеся к заглавию учебное пособие
-- для обучающихся по направлению подготовки 280100.62 "Природообустройство и водопользование"
Первые сведения об ответственности А. А. Кадысева, И. Г. Ушакова, С. А. Анисимова
Последующие сведения об ответственности М-во сельского хоз-ва Российской Федерации, Федеральное гос. бюджетное образовательное учреждение высш. проф. образования "Омский гос. аграрный ун-т им. П. А. Столыпина" (ФГБОУ ВПО ОмГАУ им. П. А. Столыпина)
210 ## - ПУБЛИКАЦИЯ, РАСПРОСТРАНЕНИЕ И ДР.
Место издания, распространения и т.д. Омск
Имя издателя, распространителя и т. д. Изд-во ФГБОУ ВПО ОмГАУ
Дата издания, распространения и т.д. 2015
215 ## - ФИЗИЧЕСКАЯ ХАРАКТЕРИСТИКА
Специфическое обозначение материала и объем 75 с.
Другие сведения о физической характеристике ил., табл.
Размеры 20
320 ## - ПРИМЕЧАНИЯ О НАЛИЧИИ В ДОКУМЕНТЕ БИБЛИОГРАФИИ / УКАЗАТЕЛЯ
Текст примечания Библиогр.: с. 75
320 ## - ПРИМЕЧАНИЯ О НАЛИЧИИ В ДОКУМЕНТЕ БИБЛИОГРАФИИ / УКАЗАТЕЛЯ
Текст примечания Предм. указ.: с. 73-74
606 ## - НАИМЕНОВАНИЕ ТЕМЫ КАК ПРЕДМЕТ
Наименование темы Водопроводные сети
Формальный подзаголовок Учебные издания для высших учебных заведений
Тематический подзаголовок Эксплуатация
Системный номер авторитетной/нормативной записи 2321402
Идентификатор авторитетной/нормативной записи RU\NLR\AUTH\661388765
606 ## - НАИМЕНОВАНИЕ ТЕМЫ КАК ПРЕДМЕТ
Наименование темы Канализационные сети
Формальный подзаголовок Учебные издания для высших учебных заведений
Тематический подзаголовок Эксплуатация
Системный номер авторитетной/нормативной записи 2375084
Идентификатор авторитетной/нормативной записи RU\NLR\AUTH\661417415
675 ## - УНИВЕРСАЛЬНАЯ ДЕСЯТИЧНАЯ КЛАССИФИКАЦИЯ (UDC/УДК)
Индекс 628.3
686 1# - ИНДЕКСЫ ДРУГИХ КЛАССИФИКАЦИЙ
Индекс Н761.106-082я73-1
686 1# - ИНДЕКСЫ ДРУГИХ КЛАССИФИКАЦИЙ
Индекс Н761.201-082я73-1
700 #1 - ИМЯ ЛИЦА - ПЕРВИЧНАЯ ОТВЕТСТВЕННОСТЬ
Начальный элемент ввода Кадысева
Часть имени, кроме начального элемента ввода А. А.
Расширение инициалов личного имени Анастасия Александровна
701 #1 - ИМЯ ЛИЦА - АЛЬТЕРНАТИВНАЯ ОТВЕТСТВЕННОСТЬ
Начальный элемент ввода Ушакова
Часть имени, кроме начального элемента ввода И. Г.
Расширение инициалов личного имени Ирина Григорьевна
701 #1 - ИМЯ ЛИЦА - АЛЬТЕРНАТИВНАЯ ОТВЕТСТВЕННОСТЬ
Начальный элемент ввода Анисимова
Часть имени, кроме начального элемента ввода С. А.
Расширение инициалов личного имени Светлана Александровна
801 #0 - ИСТОЧНИК ЗАПИСИ
Страна Российская Федерация
Организация РГБ
Дата составления 20150903
Правила каталогизации RCR
801 #1 - ИСТОЧНИК ЗАПИСИ
Страна Российская Федерация
Организация РГБ
Дата составления 20150903
Источник данных rusmarc
942 ## - ДОПОЛНИТЕЛЬНЫЕ ЭЛЕМЕНТЫ ЗАПИСИ (АБИС)
Тип экземпляра АБИС Книга
980 ## - КОЛЛЕКЦИЯ
Название коллекции НБР

Нет доступных экземпляров.